| 000 | 00660nam a22001937a 4500 | ||
|---|---|---|---|
| 003 | DO-CoUTE | ||
| 005 | 20250310091025.0 | ||
| 008 | 250310b dr ||||| |||| 00| 0 spa d | ||
| 040 |
_aDO-CoUTE _bspa _cDO-CoUTE |
||
| 082 |
_2RD370.293 _aH557e |
||
| 100 | 1 |
_aHernández, Alfredo Rafael _eAutor |
|
| 245 | 1 |
_aLa educación en La vega 1844-2000 / Notas para su estudio _cAlfredo Rafael Hernàndez |
|
| 260 |
_aSanto Domingo ; _bArchivo general de la nación, _c2023 |
||
| 300 |
_a503 paginas : _c23cm, |
||
| 504 | _aIncluye referencia bibliográfica e índice | ||
| 650 | 4 | _aEducación | |
| 700 | 1 |
_aAlfredo Rafael Hernández _eAutor |
|
| 942 |
_2ddc _cBK |
||
| 999 |
_c23802 _d23802 |
||